000 00290nam a2200121Ia 4500
005 20251222141843.0
008 251222s9999||||xx |||||||||||||| ||spa||
082 _a515.3/G78
100 _aGrandville, Anthony William
245 0 _aCálculo Integral:
264 _bSan Marcos
942 _cLIB
999 _c7495
_d7495